States Where Candy Corn Is The Least Favorite Candy - Statistics

General Stats
  • This quiz has been taken 31 times
  • The average score is 33 of 50
Answer Stats
State % Correct
California
84%
New York
84%
North Dakota
80%
Alabama
76%
South Dakota
76%
Florida
72%
North Carolina
72%
Ohio
72%
Oregon
72%
South Carolina
72%
Virginia
72%
Washington
72%
West Virginia
72%
Alaska
68%
Connecticut
68%
Georgia
68%
Hawaii
68%
Illinois
68%
Louisiana
68%
Maine
68%
New Hampshire
68%
New Jersey
68%
New Mexico
68%
Arizona
64%
Delaware
64%
Idaho
64%
Indiana
64%
Kansas
64%
Kentucky
64%
Maryland
64%
Michigan
64%
Montana
64%
Pennsylvania
64%
Arkansas
60%
Iowa
60%
Minnesota
60%
Mississippi
60%
Nevada
60%
Oklahoma
60%
Rhode Island
60%
Tennessee
60%
Texas
60%
Utah
60%
Vermont
60%
Wisconsin
60%
Massachusetts
56%
Missouri
56%
Wyoming
56%
Colorado
52%
Nebraska
48%
No matching quizzes found
Score Distribution
Percent of People with Each Score
Percentile by Number Answered
Your Score History
You have not taken this quiz